[Event "2. Oeffinger Schachopen 2011"]
[Site "T-Systems"]
[Date "2011.06.12"]
[Round "4.6"]
[White "Baumeister, Jürgen"]
[Black "Kaplunov, Vadym,Dr."]
[Result "1-0"]
[WhiteElo "1729"]
[BlackElo "1932"]
[PlyCount "51"]
[EventDate "2011.??.??"]

1. Nc3 d5 2. e4 c6 3. Qf3 d4 4. Bc4 e6 5. Nce2 c5 6. d3 Nc6 7. Bd2 Ne5 8. Bb5+
Bd7 9. Bxd7+ Qxd7 10. Qg3 Ng6 11. f4 Bd6 12. Qf2 O-O-O 13. Nf3 N8e7 14. O-O Bc7
15. b4 b6 16. bxc5 bxc5 17. a4 f5 18. Rfb1 Qc6 19. e5 Nd5 20. a5 h6 21. Nfxd4
cxd4 22. Nxd4 Qd7 23. Nb5 Bb8 24. Qc5+ Kb7 25. Nc7+ Kc8 26. Na6+ 1-0

[Event "2. Oeffinger Schachopen 2011"]
[Site "T-Systems"]
[Date "2011.06.12"]
[Round "4.7"]
[White "Engbrecht, Helmut"]
[Black "Pudmensky, Stefan"]
[Result "1-0"]
[WhiteElo "1921"]
[BlackElo "1720"]
[PlyCount "123"]
[EventDate "2011.??.??"]

1. e4 c5 2. Nc3 d6 3. d4 cxd4 4. Qxd4 Nc6 5. Bb5 Bd7 6. Bxc6 Bxc6 7. Bg5 e5 8.
Qd2 Nf6 9. f3 h6 10. Bxf6 Qxf6 11. Nge2 Be7 12. Ng3 Rd8 13. Nd5 Bxd5 14. Qxd5
Rd7 15. O-O Qe6 16. Rad1 Qxd5 17. Rxd5 g6 18. Rfd1 Rc7 19. c3 O-O 20. Kf2 Rfc8
21. Nf1 Rc5 22. Ne3 Rxd5 23. Nxd5 Kf8 24. g3 f6 25. h4 h5 26. f4 exf4 27. Nxf4
Kf7 28. Kf3 Rc5 29. Rd5 Rxd5 30. Nxd5 g5 31. Ne3 Ke6 32. Nf5 Bf8 33. g4 hxg4+
34. Kxg4 gxh4 35. Nxh4 Bh6 36. Nf3 Bc1 37. b3 d5 38. Nd4+ Ke5 39. exd5 Kxd5 40.
Kf5 Bd2 41. Ne2 Bg5 42. Ng3 Bh4 43. Ne4 Be1 44. Nxf6+ Kc5 45. Ne4+ Kd5 46. c4+
Kd4 47. Nd6 Kc3 48. Nxb7 Kb2 49. c5 Kxa2 50. c6 Bg3 51. Ke6 Bc7 52. Nc5 Ka3 53.
Kd5 Bb6 54. Kc4 Bc7 55. Na6 Bb6 56. b4 Bd8 57. c7 Bxc7 58. Nxc7 Ka4 59. Na6 Ka3
60. Kb5 Kb3 61. Nb8 Kc3 62. Nc6 1-0

[Event "2. Oeffinger Schachopen 2011"]
[Site "T-Systems"]
[Date "2011.06.12"]
[Round "4.8"]
[White "Häußler, Rolf"]
[Black "Seifert, Martin"]
[Result "0-1"]
[WhiteElo "1652"]
[BlackElo "1877"]
[PlyCount "112"]
[EventDate "2011.??.??"]

1. e4 e6 2. d4 d5 3. Nc3 Nf6 4. Bg5 Bb4 5. e5 h6 6. Bd2 Bxc3 7. Bxc3 Ne4 8. Nf3
Nxc3 9. bxc3 O-O 10. Bd3 c5 11. O-O Nc6 12. Qd2 Qa5 13. Rfd1 Bd7 14. Rab1 Qc7
15. h3 Rac8 16. Qe3 Na5 17. Nh2 c4 18. Be2 Ba4 19. Rd2 Qe7 20. Rb4 Bd7 21. g3
Rc6 22. Ng4 Kh7 23. f4 Ra6 24. Bf3 b6 25. Nf2 Nc6 26. Rb2 Qa3 27. Nd1 Ne7 28.
g4 Ra5 29. Rg2 Ng6 30. Rg3 Qe7 31. g5 Nh4 32. Qd2 hxg5 33. fxg5 Nf5 34. Rg4 Rh8
35. Ne3 Kg8 36. Nxf5 exf5 37. Rg3 g6 38. Bg2 Be6 39. Kf2 Rh4 40. Bf3 Qa3 41.
Qc1 Qxc3 42. Kg2 Ra3 43. Rb3 Rxb3 44. axb3 cxb3 45. Bd1 b2 46. Qb1 Qxd4 47. Rd3
Qxe5 48. c3 Qf4 49. Qxb2 Qxg5+ 50. Rg3 Qf6 51. Qa3 f4 52. Rf3 Bf5 53. Kh2 Be4
54. Rf2 Qe5 55. Bg4 f3+ 56. Kg1 Qg3+ 0-1

[Event "2. Oeffinger Schachopen 2011"]
[Site "T-Systems"]
[Date "2011.06.13"]
[Round "5.2"]
[White "Gustain, Marc"]
[Black "Rempeli, Alex"]
[Result "1/2-1/2"]
[WhiteElo "2091"]
[BlackElo "1971"]
[PlyCount "80"]
[EventDate "2011.??.??"]

1. e4 e6 2. d4 d5 3. Nc3 Nf6 4. Bg5 dxe4 5. Nxe4 Be7 6. Bxf6 gxf6 7. Nf3 a6 8.
Qd2 f5 9. Nc3 c5 10. d5 exd5 11. Qxd5 Qxd5 12. Nxd5 Bd8 13. O-O-O O-O 14. Ne5
Nc6 15. Nxc6 bxc6 16. Ne3 f4 17. Nc4 Bc7 18. Bd3 Be6 19. b3 a5 20. a4 Rfe8 21.
Nd2 Bd5 22. c4 Be6 23. Be4 Ra6 24. Rhe1 Kg7 25. Kc2 h6 26. Bd3 f5 27. Nf3 Kf6
28. Re2 Raa8 29. Rde1 Bf7 30. Kd2 Rab8 31. Rxe8 Bxe8 32. Bc2 Rd8+ 33. Kc3 Bh5
34. Bd1 Rg8 35. Nh4 Bxd1 36. Rxd1 Be5+ 37. Kd3 Rg4 38. g3 fxg3 39. fxg3 f4 40.
Rf1 Ke6 1/2-1/2

[Event "2. Oeffinger Schachopen 2011"]
[Site "T-Systems"]
[Date "2011.06.13"]
[Round "5.3"]
[White "Keough, Robert"]
[Black "Böhmler, Thomas"]
[Result "1/2-1/2"]
[WhiteElo "2063"]
[BlackElo "1798"]
[PlyCount "44"]
[EventDate "2011.??.??"]

1. e4 c5 2. Nf3 d6 3. d4 cxd4 4. Nxd4 Nf6 5. Nc3 g6 6. Be3 Bg7 7. f3 O-O 8. Qd2
Nc6 9. Bc4 Na5 10. Be2 Nc6 11. h4 h5 12. O-O-O d5 13. exd5 Nxd5 14. Nxc6 bxc6
15. Nxd5 cxd5 16. Qxd5 Qc7 17. Qc5 Qb7 18. Bd4 Bf5 19. Qa3 Rfc8 20. c3 Bh6+ 21.
Rd2 Bxd2+ 22. Kxd2 Rd8 1/2-1/2

[Event "2. Oeffinger Schachopen 2011"]
[Site "T-Systems"]
[Date "2011.06.13"]
[Round "5.4"]
[White "Heining, Thomas"]
[Black "Baumeister, Jürgen"]
[Result "1-0"]
[WhiteElo "1981"]
[BlackElo "1729"]
[PlyCount "55"]
[EventDate "2011.??.??"]

1. e4 c5 2. Nf3 e6 3. d4 cxd4 4. Nxd4 Qb6 5. Nb3 Nc6 6. Be3 Qd8 7. a3 Nf6 8.
Nc3 d5 9. exd5 Nxd5 10. Nxd5 exd5 11. Be2 Bd6 12. Bf3 Ne7 13. O-O O-O 14. Qd2
Qc7 15. Kh1 Be6 16. Nd4 a6 17. Rad1 Rad8 18. Rfe1 Bd7 19. Ne2 Be5 20. Bf4 Bc6
21. Bxe5 Qxe5 22. Nd4 Qc7 23. Re3 Ng6 24. Rde1 Qf4 25. g3 Qg5 26. Bg2 Rd6 27.
f4 Qh6 28. Nf5 1-0

[Event "2. Oeffinger Schachopen 2011"]
[Site "T-Systems"]
[Date "2011.06.13"]
[Round "5.5"]
[White "Seifert, Martin"]
[Black "Engbrecht, Helmut"]
[Result "0-1"]
[WhiteElo "1877"]
[BlackElo "1921"]
[PlyCount "112"]
[EventDate "2011.??.??"]

1. e4 e5 2. Nf3 Nc6 3. Bb5 Bc5 4. O-O Nf6 5. Nc3 d6 6. d3 h6 7. Be3 Bb6 8. Bxb6
axb6 9. d4 exd4 10. Nxd4 Bd7 11. Nxc6 bxc6 12. Bc4 b5 13. Bd3 b4 14. Ne2 O-O
15. Ng3 Ra5 16. Qd2 c5 17. Bc4 Be6 18. Qd3 Qa8 19. f3 Bxc4 20. Qxc4 Qa6 21.
Qxa6 Rxa6 22. Ne2 Rfa8 23. Nc1 c4 24. Rd1 c5 25. Kf2 Kf8 26. g4 Ke7 27. h4 Ne8
28. f4 Nc7 29. Ke3 Nb5 30. Rd2 c3 31. bxc3 Nxc3 32. g5 h5 33. f5 Ra3 34. Kf4
R8a4 35. Ne2 Nxe2+ 36. Rxe2 Rh3 37. Rd1 Rxh4+ 38. Kf3 Ra3+ 39. Kf2 Rh2+ 40. Ke1
Rxe2+ 41. Kxe2 Rxa2 42. f6+ gxf6 43. gxf6+ Ke6 44. Kd3 Ra3+ 45. Kd2 h4 46. Rf1
Ke5 47. Rf5+ Kxe4 48. Rh5 h3 49. Rh7 Ra7 50. Rxh3 Ke5 51. Rh6 Ra2 52. Kd3 Ra3+
53. Ke2 Rc3 54. Kd2 Rf3 55. Rh8 Rxf6 56. Ke3 Re6 0-1

[Event "2. Oeffinger Schachopen 2011"]
[Site "T-Systems"]
[Date "2011.06.13"]
[Round "5.1"]
[White "Hüttig, Michael"]
[Black "Vaysberg, Alexander"]
[Result "1/2-1/2"]
[WhiteElo "2078"]
[BlackElo "2146"]
[PlyCount "113"]
[EventDate "2011.??.??"]

1. Nf3 d5 2. c4 c6 3. b3 Bg4 4. g3 Nf6 5. Bg2 e6 6. O-O Nbd7 7. d3 Be7 8. Nbd2
O-O 9. h3 Bh5 10. g4 Bg6 11. Nh4 e5 12. Nxg6 hxg6 13. Bb2 Bd6 14. cxd5 Nxd5 15.
Ne4 Be7 16. e3 f5 17. Nc3 Nxc3 18. Bxc3 Bf6 19. Qc2 Nb6 20. e4 fxg4 21. hxg4
Qe7 22. a4 Bg5 23. d4 Bf4 24. dxe5 Qh4 25. Rfd1 Qxg4 26. Qd3 Rae8 27. a5 Nc8
28. Qh3 Qxh3 29. Bxh3 Bxe5 30. Bxe5 Rxe5 31. Rd7 Rxe4 $11 32. Rxb7 Nd6 33. Rxa7
Re2 34. Rd1 Ne4 35. Re7 Nc3 36. Rxe2 Nxe2+ 37. Kf1 Nf4 38. Bg4 Ra8 39. Rd4 g5
40. Ra4 Kf7 41. Bd7 Rd8 42. Rxf4+ gxf4 43. Bxc6 Ke7 44. b4 Rd2 45. a6 Rc2 46.
b5 Kd6 47. Kg2 Kc5 48. Kf3 $11 Kb6 49. Kxf4 Rxf2+ 50. Kg5 Rf6 51. Kh5 Rd6 52.
Kg5 Rd1 53. Kf4 Rg1 54. Kf3 g5 55. Kf2 Ra1 56. Kg3 Ra4 57. Kf3 1/2-1/2

[Event "2. Oeffinger Schachopen 2011"]
[Site "T-Systems"]
[Date "2011.06.13"]
[Round "5.6"]
[White "Schnepp, Gunnar"]
[Black "Michna, Marcus,Dr."]
[Result "1-0"]
[WhiteElo "2248"]
[BlackElo "1685"]
[PlyCount "67"]
[EventDate "2011.??.??"]

1. d4 Nf6 2. c4 e6 3. Nf3 b6 4. a3 Bb7 5. Nc3 Be7 6. Qc2 d5 7. cxd5 exd5 8. Bf4
O-O 9. h3 a6 10. e3 c5 11. Ne5 Nc6 12. Rd1 Re8 13. Be2 cxd4 14. exd4 Bd6 15.
Nxc6 Bxc6 16. Bg5 h6 17. Be3 Bb7 18. O-O Rc8 19. Qb3 Bb8 20. Bf3 Qd6 21. Rfe1
Qh2+ 22. Kf1 Ne4 23. Nxe4 dxe4 24. Bg4 Rc6 25. Bd7 Rec8 26. Bxc8 Bxc8 27. Rc1
Bd7 28. Rxc6 Bxc6 29. Rc1 Bb5+ 30. Ke1 Bd3 31. Rc8+ Kh7 32. Qxf7 Qg1+ 33. Kd2
Qf1 34. Qf5+ 1-0

[Event "2. Oeffinger Schachopen 2011"]
[Site "T-Systems"]
[Date "2011.06.13"]
[Round "5.7"]
[White "Philippin, Otto"]
[Black "Weida, Alexander"]
[Result "1-0"]
[WhiteElo "1687"]
[BlackElo "1945"]
[PlyCount "65"]
[EventDate "2011.??.??"]

1. f4 e5 2. e4 d5 3. exd5 e4 4. Nc3 Nf6 5. Bc4 Bc5 6. Nge2 O-O 7. d4 exd3 8.
Qxd3 Ng4 9. Qf3 Re8 10. h3 Bf2+ 11. Kf1 Ne3+ 12. Bxe3 Bxe3 13. Ne4 Bb6 14. g4
Nd7 15. N2g3 Nf6 16. Re1 Bd7 17. Kg2 c6 18. Nxf6+ Qxf6 19. c3 Bc7 20. f5 Qh4
21. Ne4 cxd5 22. Bxd5 Rad8 23. f6 Be6 24. Bxe6 Rxe6 25. Re2 gxf6 26. Rhe1 Rde8
27. Nxf6+ Rxf6 28. Rxe8+ Kg7 29. Qe3 Bb6 30. Qd3 Qf2+ 31. Kh1 Rf3 32. R8e2
Rxh3+ 33. Qxh3 1-0

[Event "2. Oeffinger Schachopen 2011"]
[Site "T-Systems"]
[Date "2011.06.13"]
[Round "5.8"]
[White "Fox, Sascha"]
[Black "Zehring, Mathias"]
[Result "1/2-1/2"]
[WhiteElo "1796"]
[BlackElo "1809"]
[PlyCount "53"]
[EventDate "2011.??.??"]

1. d4 d5 2. e3 Nf6 3. Bd3 Bg4 4. f3 Bh5 5. c3 Nbd7 6. Nd2 e5 7. Ne2 Bd6 8. Ng3
Bg6 9. Qc2 Qe7 10. Nf5 Bxf5 11. Bxf5 exd4 12. e4 dxc3 13. bxc3 Bc5 14. Bb2 dxe4
15. Nxe4 Nxe4 16. Qxe4 Qxe4+ 17. Bxe4 O-O-O 18. O-O-O Ne5 19. Bf5+ Kb8 20. c4
Nxc4 21. Bxg7 Ba3+ 22. Kb1 Rhe8 23. Rxd8+ Rxd8 24. Re1 h5 25. Bf6 Rf8 26. Bg7
Rd8 27. Bf6 $11 1/2-1/2

[Event "2. Oeffinger Schachopen 2011"]
[Site "T-Systems"]
[Date "2011.06.13"]
[Round "6.2"]
[White "Rempeli, Alex"]
[Black "Hüttig, Michael"]
[Result "1-0"]
[WhiteElo "1971"]
[BlackElo "2078"]
[PlyCount "83"]
[EventDate "2011.??.??"]

1. d4 Nf6 2. c4 c5 3. d5 d6 4. Nc3 g6 5. Nf3 Bg7 6. h3 O-O 7. Bf4 Re8 8. e3 Qb6
9. Qc2 Na6 10. Rd1 Nb4 11. Qb1 Bf5 12. e4 e5 13. Be3 Bd7 14. a3 Na6 15. Bd3 Nh5
16. O-O Nf4 17. Bc2 Qd8 18. Ba4 Ne2+ 19. Nxe2 Bxa4 20. Rd2 Qc8 21. Ne1 f5 22.
f3 f4 23. Bf2 Bf8 24. Nd3 Bd7 25. Kh1 Bxh3 26. gxh3 Qxh3+ 27. Kg1 Qxf3 28. Ne1
Qg4+ 29. Kh2 Bh6 30. Qd3 f3 31. Qxf3 Qxf3 32. Nxf3 Bxd2 33. Nxd2 Rf8 34. Bh4
Rxf1 35. Nxf1 Kf7 36. Bg5 Rb8 37. Ne3 Nc7 38. Kg2 a6 39. b4 b5 40. bxc5 dxc5
41. Ng4 b4 42. Nxe5+ 1-0

[Event "2. Oeffinger Schachopen 2011"]
[Site "T-Systems"]
[Date "2011.06.13"]
[Round "6.3"]
[White "Heining, Thomas"]
[Black "Schnepp, Gunnar"]
[Result "1/2-1/2"]
[WhiteElo "1981"]
[BlackElo "2248"]
[PlyCount "60"]
[EventDate "2011.??.??"]

1. e4 c5 2. Nf3 e6 3. c3 d5 4. e5 Ne7 5. d4 Nec6 6. Bd3 b6 7. Qe2 cxd4 8. Nxd4
Nxd4 9. cxd4 Nc6 10. Be3 Nb4 11. Bb5+ Bd7 12. Bxd7+ Qxd7 13. a3 Nc6 14. O-O Be7
15. Qg4 g6 16. Bh6 O-O-O 17. Be3 h5 18. Qe2 Kb7 19. Nd2 Rc8 20. b4 Nb8 21. Qf3
Rh7 22. Rac1 Na6 23. Nb3 Qa4 24. Rxc8 Kxc8 25. Rc1+ Kd7 26. Qe2 Rh8 27. Qc2 Rb8
28. h3 Ke8 29. Qd3 Kd7 30. Qc3 Bd8 $11 1/2-1/2

[Event "2. Oeffinger Schachopen 2011"]
[Site "T-Systems"]
[Date "2011.06.13"]
[Round "6.4"]
[White "Böhmler, Thomas"]
[Black "Gustain       , Marc"]
[Result "0-1"]
[WhiteElo "1798"]
[BlackElo "2091"]
[PlyCount "62"]
[EventDate "2011.??.??"]

1. d4 d5 2. c4 c6 3. Nf3 Nf6 4. e3 e6 5. Nc3 Nbd7 6. Bd3 dxc4 7. Bxc4 b5 8. Bd3
b4 9. Ne4 c5 10. Qa4 cxd4 11. Ne5 Nd5 12. exd4 N5b6 13. Qc6 Rb8 14. Nxf7 Kxf7
15. Ng5+ Ke8 16. Bxh7 Qf6 17. O-O Bb7 18. Qc2 Bd6 19. Bg6+ Ke7 20. Nh7 Qxd4 21.
Re1 Qc5 22. Qe2 Qc4 23. Qh5 Nf6 24. Bg5 Bf4 25. Bxf6+ gxf6 26. Bf5 Be5 27. Rac1
Qf4 28. Rc7+ Bxc7 29. Rxe6+ Kd8 30. Qd1+ Nd5 31. Qd3 Qc1+ 0-1

[Event "2. Oeffinger Schachopen 2011"]
[Site "T-Systems"]
[Date "2011.06.13"]
[Round "6.5"]
[White "Philippin, Otto"]
[Black "Keough, Robert"]
[Result "0-1"]
[WhiteElo "1687"]
[BlackElo "2063"]
[PlyCount "68"]
[EventDate "2011.??.??"]

1. f4 c5 2. e3 g6 3. Nf3 Bg7 4. d4 d5 5. c3 c4 6. Nbd2 f5 7. b3 b5 8. a4 bxa4
9. Rxa4 Bd7 10. Ra2 Nf6 11. bxc4 O-O 12. Ne5 Nc6 13. cxd5 Nxd5 14. Qb3 e6 15.
Nxc6 Bxc6 16. Nf3 Rb8 17. Qc2 Rf7 18. Bd3 Rc7 19. O-O Nxc3 20. Qxc3 Bxf3 21.
Qa5 Bd5 22. Rc2 Rxc2 23. Qxd8+ Rxd8 24. Bxc2 a5 25. Ba3 Rc8 26. Bc5 Bf8 27. Ba4
Rb8 28. Bxf8 Kxf8 29. Rc1 Rb2 30. Rc2 Rxc2 31. Bxc2 Ke7 32. Ba4 Kd6 33. Kf2 Bc6
34. Bb3 a4 0-1

[Event "2. Oeffinger Schachopen 2011"]
[Site "T-Systems"]
[Date "2011.06.13"]
[Round "6.6"]
[White "Kaplunov,, Vadym,Dr."]
[Black "Drapchin, Marc"]
[Result "1-0"]
[WhiteElo "1932"]
[BlackElo "1654"]
[PlyCount "57"]
[EventDate "2011.??.??"]

1. d4 Nf6 2. c4 e6 3. Nf3 Nc6 4. a3 d6 5. Nc3 g6 6. e4 Bg7 7. Be2 O-O 8. O-O
Re8 9. d5 exd5 10. cxd5 Ne5 11. Ne1 Ned7 12. f3 Nb6 13. Bg5 h6 14. Bh4 g5 15.
Bf2 Qe7 16. Rc1 Bd7 17. Nc2 Rec8 18. Nb5 a6 19. Nxc7 Rxc7 20. Bxb6 Rcc8 21. Ne3
Nh5 22. Qd2 Nf4 23. Rxc8+ Rxc8 24. Re1 Qf6 25. Rb1 Nxe2+ 26. Qxe2 Bb5 27. Qd2
h5 28. Nf5 Qg6 29. Ne7+ 1-0